Normal view
MARC view
Entry Personal Name
001 - CONTROL NUMBER
- control field: 45463
003 - CONTROL NUMBER IDENTIFIER
- control field: dpl
005 - DATE AND TIME OF LATEST TRANSACTION
- control field: 20120420112854.0
008 - FIXED-LENGTH DATA ELEMENTS
- fixed length control field: 120420|||a|||||| | ||| d
040 ## - CATALOGING SOURCE
- Original cataloging agency: dpl
- Transcribing agency: dpl
100 ## - HEADING--PERSONAL NAME
- Personal name: श्रीवास्तव, गोपीनाथ
670 ## - SOURCE DATA FOUND
- Source citation: Work cat.: (dpl): श्रीवास्तव, गोपीनाथ, पर्यावरण-प्रदूषण /, 1996
670 ## - SOURCE DATA FOUND
- Source citation: Work cat.: (dpl): श्रीवास्तव, गोपीनाथ, पर्यावरण-प्रदूषण /, 1996
